000 00658nam a2200277Ia 4500
005 20260324123139.0
008 008 260324s9999 xx 000 0 eng d
020 _a9780429062674
037 _aEBOOK
040 _aCRL
040 _beng
040 _cCRL
041 _2eng
041 _aeng
084 _qCRL
100 _aElzbieta Jarzebowska
_91169202
245 0 _aModel-Based Tracking Control of Nonlinear Systems
260 _bTaylor and Francis
260 _c2012
365 _a
365 _b385
856 _uhttp://www.taylorfrancis.com/books/9780429062674
942 _cEBOOK
999 _c1762469
_d1762469